000 00473cam a2200181ua 4500
020 _a81-7141-156-8
_cRs 200.00
041 _aeng
_h
082 _a637.14
_bJAY/CO
100 _aJayachandra, K .
245 _aCost management in diary industry /
_cK Jayachandra.
_hTextual Documents
250 _a1 /
_b.
260 _a :
_bDiscovery Publishing House ,
_c1991.
300 _a186 ; .
365 _aRs 200.00
504 _a
942 _cBK
999 _c353
_d353